000 01378nam a2200385 i 4500
001 196309
003 ES-MaACL
005 20250721144348.0
007 ta
008 2409 s2012 sp a | |||| 001 0 spa
017 _aB 29953-2012
_bOficina Depósito Legal Barcelona
020 _a9788447376391
035 _a(OCoLC)828379681
035 _a(SpMaBN)a5309296
035 _a991039252799708606
040 _aSpMaBN
_bspa
_cSpMaBN
_erdc
_dES-MaACL
080 _a52 Copernicus, Nicolaus
080 _a52
100 _aHuertas Díaz, José Luis,
_d1947-
_9238657
245 1 0 _aCopérnico, el heliocentrismo :
_ba vueltas con la Tierra /
_c[José Luis Huertas Díaz].
260 _a[Barcelona] :
_bRBA,
_cD.L. 2012
300 _a159 p. :
_bil. ;
_c24 cm
337 _asin mediación
_2isbdmedia
338 _2rdacarrier
_avolumen
490 1 _aGrandes ideas de la ciencia
600 1 7 _aCopernicus, Nicolaus,
_d1473-1543
_9160781
650 7 _aAstronomía
_2embne
_910386
830 _aGrandes ideas de la ciencia
_9238658
852 _aES-MaACL
_cDEPO1
_hDonación: José Manuel Duarte Cendán
_9204027
_jA-15368
903 _9238529
_aDuarte Cendán, José Manuel
_q1
_ednr
942 _2udc
_cMONOGRAFIA
_n0
999 _c196309
_d196309